Online estate agency - the winners and the losers (Record no. 65251)

MARC details
000 -LEADER
fixed length control field 01235cam a2200253 4500
001 - CONTROL NUMBER
control field ABS63171
008 - FIXED-LENGTH DATA ELEMENTS--GENERAL INFORMATION
fixed length control field 000000n2000 000 0 eng u
035 ## - SYSTEM CONTROL NUMBER
System control number (Sirsi) u109323
100 ## - MAIN ENTRY--PERSONAL NAME
Personal name Morley, R
245 ## - TITLE STATEMENT
Title Online estate agency - the winners and the losers
260 ## - PUBLICATION, DISTRIBUTION, ETC.
Date of publication, distribution, etc. 2000
490 ## - SERIES STATEMENT
Series statement Property Forecast
Volume/sequential designation 3(11) November 2000, 10-11(2)
520 ## - SUMMARY, ETC.
Summary, etc. Looks at the players in the online estate agency market, and pinpoints some of the successes and failures. Suggests that the internet has given estate agents a chance to relaunch themselves, and become more efficient and profitable. Highlights the key advantages of the internet for both buyers and agents. Warns that direct models such as boxman.com and boo.com have failed because of consumer reluctance to purchase property online. Compares this with the success of propertyfinder.co.uk which effectively manages and exploits the increased volume of consumer traffic, yet is unobtrusive to buyers.
590 ## - LOCAL NOTE (RLIN)
Local note ABS
650 ## - SUBJECT ADDED ENTRY--TOPICAL TERM
Topical term or geographic name entry element WEB SITES
650 ## - SUBJECT ADDED ENTRY--TOPICAL TERM
Topical term or geographic name entry element INTERNET
650 ## - SUBJECT ADDED ENTRY--TOPICAL TERM
Topical term or geographic name entry element ESTATE AGENCY
650 ## - SUBJECT ADDED ENTRY--TOPICAL TERM
Topical term or geographic name entry element RESIDENTIAL AGENCY
650 ## - SUBJECT ADDED ENTRY--TOPICAL TERM
Topical term or geographic name entry element CONSUMERS
650 ## - SUBJECT ADDED ENTRY--TOPICAL TERM
Topical term or geographic name entry element SELLING
650 ## - SUBJECT ADDED ENTRY--TOPICAL TERM
Topical term or geographic name entry element BUYING
690 ## - LOCAL SUBJECT ADDED ENTRY--TOPICAL TERM (OCLC, RLIN)
Topical term or geographic name as entry element INFORMATION TECHNOLOGY-INTERNET
942 ## - ADDED ENTRY ELEMENTS (KOHA)
Suppress in OPAC 0
Holdings
Withdrawn status Lost status Source of classification or shelving scheme Damaged status Not for loan Home library Current library Shelving location Date acquired Total Checkouts Full call number Barcode Date last seen Copy number Price effective from Koha item type
    Dewey Decimal Classification     London London Journal article 14/11/2000   ABS63171 109323-1001 06/08/2019 1 06/08/2019 Journal article